[Event "Saint Affrique op 29th"]
[Site "Saint Affrique"]
[Date "2023.07.27"]
[Round "7"]
[White "Aiglon, Laurent"]
[Black "Libiszewski, Fabien"]
[Result "0-1"]
[WhiteElo "2052"]
[BlackElo "2501"]
[PlyCount "72"]
[EventDate "2023.07.22"]
[EventType "swiss"]
[EventRounds "9"]
[EventCountry "FRA"]
[SourceTitle "CBM 215 Extra"]
[Source "ChessBase"]
[SourceDate "2023.09.30"]
[SourceVersion "1"]
[SourceVersionDate "2023.09.30"]
[SourceQuality "1"]

1. e4 c5 2. Nf3 Nc6 3. d4 cxd4 4. Nxd4 e5 5. Nb5 d6 6. c4 Be6 7. N1c3 a6 8. Na3 g6 9. Be2 Bg7 10. 0-0 Nf6 11. Nc2 Rc8 12. Be3 0-0 13. Qd2 Ne7 14. b3 b5 15. f3 bxc4 16. Nb4 a5 17. Nbd5 Bxd5 18. exd5 cxb3 19. axb3 Nf5 20. Bf2 Nd4 21. Bc4 Nd7 22. Nb5 Nxb5 23. Bxb5 e4 24. Bd4 exf3 25. Rxf3 Rc2 26. Qe3 Bxd4 27. Qxd4 Ne5 28. Rf2 Rxf2 29. Qxf2 Qc7 30. Qe3 Rb8 31. Ba4 Kg7 32. Kh1 Rb4 33. Rc1 Qe7 34. h3 g5 35. g4 Qf6 36. Rg1 Rf4 0-1

[Event "Avoine op 28th"]
[Site "Avoine"]
[Date "2013.07.27"]
[Round "8"]
[White "Aiglon, Laurent"]
[Black "Maleki, Manuel"]
[Result "0-1"]
[WhiteElo "2073"]
[BlackElo "2271"]
[PlyCount "89"]
[EventDate "2013.07.20"]
[EventType "swiss"]
[EventRounds "9"]
[EventCountry "FRA"]
[SourceTitle "CBM 155 Extra"]
[Source "ChessBase"]
[SourceDate "2013.08.26"]
[SourceVersion "1"]
[SourceVersionDate "2013.08.26"]
[SourceQuality "1"]

1. e4 c5 2. Nf3 e6 3. d4 cxd4 4. Nxd4 a6 5. Bd3 g6 6. 0-0 Bg7 7. Be3 Qc7 8. Nd2 Nf6 9. f4 d6 10. Kh1 0-0 11. h3 b6 12. Qe1 Bb7 13. Qh4 Re8 14. N4f3 Nbd7 15. Rae1 Nc5 16. e5 Nfd7 17. Nc4 Bxf3 18. exd6 Bxg2+ 19. Kxg2 Qc6+ 20. Kg1 b5 21. Ne5 Qxd6 22. Rd1 Qc7 23. Be4 Rad8 24. Bc6 Nxe5 25. Bxe8 Rxd1 26. fxe5 Rxf1+ 27. Kxf1 Nd7 28. Bxd7 Qxd7 29. Qd4 Qd5 30. Qxd5 exd5 31. Bf4 Kf8 32. Ke2 Ke7 33. Kd3 Ke6 34. Kd4 g5 35. Bg3 f6 36. exf6 Bxf6+ 37. Kc5 Bxb2 38. Kb6 Be5 39. Bf2 Kd6 40. Be1 h5 41. Kxa6 Bf6 42. Ka5 Kc5 43. a4 bxa4 44. Kxa4 Kc4 45. Ka3 0-1

[Event "FRA-chT2 South 0607"]
[Site "France"]
[Date "2006.12.10"]
[Round "4.2"]
[White "Dobrev, Nanko"]
[Black "Aiglon, Laurent"]
[Result "1-0"]
[WhiteElo "2429"]
[BlackElo "2118"]
[PlyCount "55"]
[EventDate "2006.10.15"]
[EventType "team"]
[EventRounds "11"]
[EventCountry "FRA"]
[SourceTitle "EXT 2008"]
[Source "ChessBase"]
[SourceDate "2007.11.25"]
[SourceVersion "1"]
[SourceVersionDate "2007.11.25"]
[SourceQuality "1"]
[WhiteTeam "Grasse"]
[BlackTeam "Ales ASPTT"]
[WhiteTeamCountry "FRA"]
[BlackTeamCountry "FRA"]

1. d4 e6 2. c4 Nf6 3. Nf3 b6 4. a3 Bb7 5. Nc3 Be7 6. d5 0-0 7. e4 d6 8. Be2 e5 9. b4 a5 10. Bb2 g6 11. 0-0 Nh5 12. c5 dxc5 13. bxc5 Bxc5 14. Nxe5 Ng7 15. Bb5 Qe7 16. Nc6 Qh4 17. g3 Qh3 18. Na4 Bxc6 19. dxc6 Be7 20. Qd4 f6 21. e5 Ne6 22. Qc4 Kg7 23. f4 Nd8 24. Rad1 Qe6 25. exf6+ Bxf6 26. Bxf6+ Qxf6 27. Nc3 Rf7 28. Ne4 1-0

[Event "FRA-chT2 South 0607"]
[Site "France"]
[Date "2006.11.26"]
[Round "3.3"]
[White "Aiglon, Laurent"]
[Black "Letreguilly, Olivier"]
[Result "0-1"]
[WhiteElo "2118"]
[BlackElo "2308"]
[PlyCount "46"]
[EventDate "2006.10.15"]
[EventType "team"]
[EventRounds "11"]
[EventCountry "FRA"]
[SourceTitle "EXT 2008"]
[Source "ChessBase"]
[SourceDate "2007.11.25"]
[SourceVersion "1"]
[SourceVersionDate "2007.11.25"]
[SourceQuality "1"]
[WhiteTeam "Ales ASPTT"]
[BlackTeam "Saint Affrique"]
[WhiteTeamCountry "FRA"]
[BlackTeamCountry "FRA"]

1. e4 c5 2. Nf3 e6 3. d4 cxd4 4. Nxd4 Nc6 5. Nc3 Qc7 6. Be2 a6 7. 0-0 Nf6 8. Be3 Bb4 9. f3 0-0 10. Nb3 Bxc3 11. bxc3 d5 12. Bg5 Qe5 13. Bxf6 Qxf6 14. exd5 exd5 15. Qxd5 Qxc3 16. Bd3 Nb4 17. Qe4 g6 18. Rfd1 Bf5 19. Qxb7 Bxd3 20. cxd3 Nxd3 21. Qe4 Rad8 22. Rd2 Nc5 23. Qe1 Nxb3 0-1